[Event "CZE-ch U10 Girls"]
[Site "Kouty nad Desnou"]
[Date "2024.03.11"]
[Round "4"]
[White "Ulsbold, Nandin"]
[Black "Chmelova, Klara"]
[Result "1-0"]
[WhiteElo "1074"]
[BlackElo "1467"]
[PlyCount "125"]
[EventDate "2024.03.09"]
[EventType "swiss"]
[EventRounds "9"]
[EventCountry "CZE"]
[SourceTitle "CB12_2024"]
[SourceDate "2023.10.01"]
[SourceVersion "1"]
[SourceVersionDate "2023.10.01"]
[SourceQuality "1"]

1. e4 c5 2. Nf3 Nc6 3. d4 cxd4 4. Nxd4 g6 5. Nc3 Bg7 6. Be3 Nf6 7. Bc4 Qa5 8. 0-0 0-0 9. Bb3 Rd8 10. h3 e6 11. Nxc6 bxc6 12. Qf3 d5 13. exd5 cxd5 14. Bg5 d4 15. Qxa8 Ba6 16. Qxa7 dxc3 17. bxc3 Qxg5 18. Qxa6 Nh5 19. Qc6 Be5 20. Qf3 Nf4 21. Rfe1 Bxc3 22. Qg3 Qxg3 23. fxg3 Bxa1 24. Rxa1 Ne2+ 25. Kh2 Ra8 26. a4 Ra5 27. Rd1 g5 28. Rd8+ Kg7 29. Rb8 g4 30. Rb5 Ra6 31. Rg5+ Kf6 32. Rxg4 Ra5 33. Rb4 Nc3 34. Rf4+ Kg6 35. h4 h5 36. g4 Re5 37. g5 Ne2 38. Rf6+ Kg7 39. Rf1 Rc5 40. Ra1 Ra5 41. Rd1 Re5 42. Re1 Re4 43. g3 Nc3 44. Rxe4 Nxe4 45. c4 Nc5 46. Bd1 Nd7 47. a5 Nb8 48. Bxh5 Na6 49. Bf3 Nc5 50. h5 f6 51. gxf6+ Kxf6 52. Kh3 Kg5 53. g4 e5 54. Bb7 e4 55. a6 e3 56. a7 e2 57. a8Q e1Q 58. Qg8+ Kf4 59. Qf7+ Ke3 60. Qe7+ Kd2 61. Qxe1+ Kxe1 62. h6 Nxb7 63. h7 1-0

[Event "CZE-ch U10"]
[Site "Teplice"]
[Date "2023.11.18"]
[Round "7"]
[White "Chmelova, Klara"]
[Black "Rawlings, Benjamin"]
[Result "1-0"]
[WhiteElo "1133"]
[BlackElo "1000"]
[PlyCount "71"]
[EventDate "2023.11.15"]
[EventType "swiss"]
[EventRounds "9"]
[EventCountry "CZE"]
[SourceTitle "CB47_2023"]
[SourceDate "2023.11.22"]
[SourceVersion "1"]
[SourceVersionDate "2023.11.22"]
[SourceQuality "1"]

1. e4 e5 2. Nf3 Nc6 3. Bc4 Nf6 4. Ng5 d5 5. exd5 Nd4 6. Nc3 Bd6 7. d3 0-0 8. 0-0 h6 9. Nge4 Nxe4 10. Nxe4 c6 11. c3 cxd5 12. Bxd5 Nf5 13. Qf3 Be6 14. Bxb7 Rb8 15. Ba6 Qb6 16. Bc4 Bxc4 17. dxc4 Ne7 18. Qg3 Bc7 19. Rd1 Rbd8 20. Be3 Qg6 21. Qxg6 Nxg6 22. Bxa7 Rxd1+ 23. Rxd1 Ra8 24. Bc5 Rxa2 25. Ba3 Nf4 26. Kf1 f5 27. Nd2 Nd3 28. Rb1 Bb6 29. Ke2 Nf4+ 30. Kf3 g5 31. h3 h5 32. g4 Nxh3 33. gxf5 Kf7 34. Nb3 Nxf2 35. Nc1 e4+ 36. Ke2 1-0

[Event "CZE-ch U10 Girls"]
[Site "Teplice"]
[Date "2023.03.18"]
[Round "9"]
[White "Chmelova, Klara"]
[Black "Tykalova, Eva"]
[Result "1-0"]
[WhiteElo "1178"]
[BlackElo "1000"]
[PlyCount "61"]
[EventDate "2023.03.11"]
[EventType "swiss"]
[EventRounds "9"]
[EventCountry "CZE"]
[SourceTitle "CBM 213 Extra"]
[Source "ChessBase"]
[SourceDate "2023.05.31"]
[SourceVersion "1"]
[SourceVersionDate "2023.05.31"]
[SourceQuality "1"]

1. e4 e5 2. Nf3 Nc6 3. Bc4 Nf6 4. Ng5 d5 5. exd5 Nxd5 6. Bxd5 Qxd5 7. Nf3 Bc5 8. Nc3 Bf5 9. Nxd5 0-0-0 10. Ne3 Be6 11. Ng5 h6 12. Nxe6 fxe6 13. d3 e4 14. 0-0 exd3 15. cxd3 Ne5 16. Qb3 Rhe8 17. Rd1 Rd6 18. Qa4 Nd7 19. d4 Bb6 20. Nc4 Rc6 21. Nxb6+ Rxb6 22. Re1 Ra6 23. Qd1 g5 24. d5 Nc5 25. b4 Na4 26. h3 Rd6 27. Qxa4 Rxd5 28. Qxe8+ Rd8 29. Qxe6+ Kb8 30. Qe8 Rxe8 31. Rxe8# 1-0

[Event "CZE-ch U10 Girls"]
[Site "Teplice"]
[Date "2023.03.14"]
[Round "5"]
[White "Chmelova, Klara"]
[Black "Hanzlova, Vendula"]
[Result "1-0"]
[WhiteElo "1178"]
[BlackElo "1000"]
[PlyCount "109"]
[EventDate "2023.03.11"]
[EventType "swiss"]
[EventRounds "9"]
[EventCountry "CZE"]
[SourceTitle "CBM 213 Extra"]
[Source "ChessBase"]
[SourceDate "2023.05.31"]
[SourceVersion "1"]
[SourceVersionDate "2023.05.31"]
[SourceQuality "1"]

1. e4 e5 2. Nf3 Nc6 3. Bc4 Bc5 4. c3 d6 5. d4 Bb6 6. Bb5 Bg4 7. d5 Qd7 8. dxc6 bxc6 9. Bc4 Nf6 10. Bg5 d5 11. Bxf6 gxf6 12. exd5 cxd5 13. Bxd5 0-0-0 14. c4 e4 15. 0-0 e3 16. g3 Qe7 17. Qa4 a5 18. b4 e2 19. Re1 Rdf8 20. bxa5 Bxa5 21. Qxa5 Bh3 22. Qa8+ Kd7 23. Bc6+ Ke6 24. Rxe2+ Kf5 25. Rxe7 Rxa8 26. Bxa8 Rxa8 27. Rxc7 Rd8 28. Nc3 Rd3 29. Nh4+ Ke5 30. Rc5+ Kd4 31. Rd5+ Kxc3 32. Rxd3+ Kxd3 33. c5 Kc3 34. c6 f5 35. c7 f4 36. gxf4 Kb2 37. Re1 Kxa2 38. Re8 Ka3 39. c8Q Bxc8 40. Rxc8 Kb4 41. Kg2 Kb5 42. Kf3 Kb6 43. Ke4 Kb7 44. Rc1 Kb6 45. Kd5 Kb7 46. Kd6 Kb8 47. Kd7 Kb7 48. Rb1+ Ka6 49. Kc6 Ka5 50. Rb8 Ka4 51. Kc5 Ka3 52. Kc4 Ka2 53. Kc3 Ka1 54. Kc2 Ka2 55. Ra8# 1-0

[Event "CZE-ch U10 Girls"]
[Site "Teplice"]
[Date "2023.03.13"]
[Round "4"]
[White "Chmelova, Klara"]
[Black "Melicharova, Tereza"]
[Result "0-1"]
[WhiteElo "1178"]
[BlackElo "1103"]
[PlyCount "102"]
[EventDate "2023.03.11"]
[EventType "swiss"]
[EventRounds "9"]
[EventCountry "CZE"]
[SourceTitle "CBM 213 Extra"]
[Source "ChessBase"]
[SourceDate "2023.05.31"]
[SourceVersion "1"]
[SourceVersionDate "2023.05.31"]
[SourceQuality "1"]

1. e4 d5 2. exd5 Qxd5 3. Nc3 Qd6 4. d4 c6 5. Nf3 Nf6 6. Bg5 Bg4 7. Be2 e6 8. Bxf6 gxf6 9. Qd2 Be7 10. h3 Bxf3 11. Bxf3 Nd7 12. 0-0 0-0-0 13. Rfe1 Rhg8 14. a4 Rg7 15. a5 a6 16. Ne4 Qc7 17. b4 Rdg8 18. Re3 Qf4 19. Qe2 f5 20. Ng3 Bd6 21. b5 Rxg3 22. fxg3 Qxg3 23. Kf1 Qh2 24. Ke1 Qg1+ 25. Qf1 Qxe3+ 26. Kd1 Bb4 27. Qe2 Qxe2+ 28. Kxe2 Bc3 29. Ra3 Bxd4 30. Rd3 Bc5 31. bxc6 Ne5 32. cxb7+ Kb8 33. Rb3 Nxf3 34. Kxf3 Kc7 35. g4 fxg4+ 36. hxg4 Be7 37. c4 f5 38. gxf5 exf5 39. Kf4 h5 40. Kxf5 h4 41. Ke6 Bc5 42. Kf7 Rh8 43. Kg7 Bd4+ 44. Kf7 h3 45. Rb1 h2 46. Rh1 Bg1 47. Kg7 Rh5 48. Kf6 Rxa5 49. Ke6 Rc5 50. Ke7 Kxb7 51. Kd6 Rxc4 0-1